000 00472nam a2200169Ia 4500
003 OSt
005 20191216153645.0
008 190216s9999||||xx |||||||||||||| ||und||
040 _coclc
082 _a338.954
_bSKA/I
100 _a Skaria, P P
_9468
245 0 _aIndian Economy /
_cP P Skaria
260 _bVrindavan Publications,
_c1998.
_aCalicut:
300 _a438p
650 _aEconomics
942 _cBK
_2ddc
_h338.954
_iSKA/I
_k338.954
_mSKA/I
999 _c10335
_d10335